000
00319nam a22001457a 4500
008
230906b ||||| |||| 00| 0 eng d
020
_a
9789989730528
041
_a
SHQIP
080
_a
32
082
_a
32ALI
100
_a
35
101
_a
SHP
245
_a
QEVERISJA LOKALE
_c
ALIU.A & STAVILECI.E
942
_2
udc
_c
BK
999
_c
60264
_d
60264